000
00264nam a2200109Ia 4500
008
200302s9999 xx 000 0 und d
100
_a
Steven Holl
245
_a
The Chapel Of St.Ignatius
260
_b
Princeton Architectural Press
260
_c
1999
300
_a
95 P
999
_c
4893
_d
4893